Péninsules en France! - Statistiques

Statistiques générales
  • Ce quiz a été pris 34 fois
  • Le résultat moyen est 2 sur 14
Statistiques - réponses
Région de France Péninsule % Correct
France Metropolitaine Bretagne
87%
France Metropolitaine Cotentin
47%
France Metropolitaine Cap Corse
30%
Nouvelle-Calédonie Nouméa
13%
Mayotte Boueni
7%
Guadeloupe Pointe des Châteaux
7%
Archipel des Kerguelen Courbet
3%
Archipel des Kerguelen Gallieni
3%
Archipel des Kerguelen Loranchet
3%
Archipel des Kerguelen Rallier du Baty
3%
Martinique de la Caravelle
0%
Polynésie Française Matahirai'terai de Taputapuatea
0%
Nouvelle-Calédonie Pam
0%
Guyane Française Pointe Béague ou Pointe Coumarouman
0%
Aucun quiz correspondant
Distribution des résultats
% des personnes avec chaque résultat
Percentile par nombre de réponses
Votre historique - résultats
Vous n’avez pas pris ce quiz